Every 25,000+ Town/City in Japan: Hyōgo - Statistics

General Stats
  • This quiz has been taken 4 times
  • The average score is 25 of 32
Answer Stats
Letter Population City % Correct
A 305,925 Akashi
100%
A 461,202 Amagasaki
100%
A 95,503 Ashiya
100%
H 628,114 Himeji
100%
K 3,716,885 Kobe
100%
N 493,749 Nishinomiya
100%
T 222,071 Takarazuka
100%
T 87,430 Takasago
100%
T 73,906 Toyooka
100%
A 28,440 Aioi
75%
A 44,080 Akō
75%
A 27,015 Asago
75%
A 43,766 Awaji
75%
I 197,215 Itami
75%
K 267,631 Kakogawa
75%
K 42,159 Kasai
75%
K 38,996 Katō
75%
K 157,461 Kawanishi
75%
M 75,267 Miki
75%
M 47,401 Minamiawaji
75%
N 38,433 Nishiwaki
75%
O 46,810 Ono
75%
S 113,607 Sanda
75%
S 34,889 Shisō
75%
S 41,823 Sumoto
75%
T 61,822 Tamba
75%
T-S 39,535 Tamba-Sasayama
75%
T 74,190 Tatsuno
75%
H 35,004 Harima
50%
I 30,488 Inagawa
50%
I 29,785 Inami
50%
T 32,953 Taishi
50%
No matching quizzes found
Score Distribution
Percent of People with Each Score
Percentile by Number Answered
Your Score History
You have not taken this quiz